A Consumers Republic (Record no. 40899)

MARC details
000 -LEADER
fixed length control field 00307nam a2200133Ia 4500
008 - FIXED-LENGTH DATA ELEMENTS--GENERAL INFORMATION
fixed length control field 240703s9999 xx 000 0 und d
041 ## - LANGUAGE CODE
Language code of text/sound track or separate title eng
100 ## - MAIN ENTRY--PERSONAL NAME
Personal name Lizabeth Cohen
245 ## - TITLE STATEMENT
Title A Consumers Republic
260 ## - PUBLICATION, DISTRIBUTION, ETC.
Name of publisher, distributor, etc. Vintage
Date of publication, distribution, etc. 2004
365 ## - TRADE PRICE
Currency code
Price amount 1,639.18
906 ## - LOCAL DATA ELEMENT F, LDF (RLIN)
b 33
Holdings
Withdrawn status Lost status Damaged status Not for loan Home library Current library Shelving location Date acquired Source of acquisition Cost, normal purchase price Total Checkouts Total Renewals Barcode Date last seen Date last checked out Copy number Price effective from Koha item type
        IMTN IMTN Rack 14-B 07/03/2024 Prof. Shyam S 18.95 2 2 33308 12/09/2024 11/27/2024 86.5 07/03/2024 Books
Designed & Maintained by: LRC IMT Nagpur Contact: lrc@imtnag.ac.in© 2024. All Rights Reserved.